000 01069nam a22002177a 4500
005 20180910131247.0
010 _aHIN-99619 B-702300-306
020 _c400.00
_a9788171501014
020 _c595.00
035 _aHN-71965
035 _aB-702300-306
037 _bDBAD/PUB
082 _a425
245 _aहिन्दी के तीन पग राजभाषा, राष्ट्रभाषा, विश्वभाषा /
_cबलदेव वंशी द्वारा संपादित
260 _aदिल्ली
_bइन्द्रप्रस्थ प्रकाशन
_c2017
270 _aके-71, कृष्णा नगर,
_bदिल्ली
_e110051
300 _a264पृ.
_c22 सें.मी.(सजिल्द)
700 _dवंशी,बलदेव
942 _2ddc
_cHN
_h425
_mहिन्दीके
999 _c76968
_d76968